Normal view
MARC view
Entry AUTORIDADES PERSONAS
001 - NÚMERO DE CONTROL
- campo de control: 434
003 - CONTROL
- campo de control: AR-BaSMT
005 - FECHA Y HORA DE LA ÚLTIMA TRANSACCIÓN
- campo de control: 20260325093616.0
008 - ELEMENTOS LONGITUD FÍSICA
- campo de control de longitud fija: 260325nn aznnnaabn a aba d
040 ## - FUENTE DE CATALOGACIÓN
- Agencia que cataloga: AR-BaSMT
- Idioma de catalogación: spa
- Norma: RDA
100 1# - ENCABEZAMIENTO-NOMBRE DE PERSONA
- Nombre de persona: Echevarría, Karina
- Títulos y otros términos asociados al nombre: Autor
375 ## - GÉNERO/SEXO
- Masculino, femenino, desconocido, intersexo, … : Femenino
377 ## - IDIOMA ASOCIADO
- Código (spa) : spa
- Lengua (español) : español
400 0# - TRAZADO DE VÉASE--NOMBRE DE PERSONA
- Nombre de persona: Karina Echevarría
670 ## - FUENTE DE DATOS ENCONTRADOS
- Cita de la fuente: Cuentos de amor y amistad, 2018
- Donde se localiza la información: port. (Karina Echevarría)
675 ## - FUENTE DE DATOS NO ENCONTRADOS
- Url + fecha : https://viaf.org/es/viaf/search?field=local%2CpersonalNames&index=VIAF&searchTerms=echevarria%2C+karina 25/03/2025
- nombre de la fuente : Viaf
